South American Capitals - Learn - Statistics

General Stats
  • This quiz has been taken 104 times
  • The average score is 8 of 13
Answer Stats
Hint Answer % Correct
Brazil Brasilia
96%
Peru Lima
87%
Argentina Buenos Aires
85%
Chile Santiago
81%
Colombia Bogota
70%
Uruguay Montevideo
68%
Ecuador Quito
64%
Venezuela Caracas
55%
Bolivia La Paz/ Sucre
51%
Paraguay Asuncion
47%
Guyana Georgetown
47%
Suriname Paramaribo
36%
French Guiana Cayenne
23%
No matching quizzes found
Score Distribution
Percent of People with Each Score
Percentile by Number Answered
Your Score History
You have not taken this quiz